000 00812nam a2200253Ia 4500
003 OSt
005 20220930072946.0
006 a|||||r|||| 00| 0
007 ta
008 220926b |||||||| |||| 00| 0 eng d
024 _a25726
037 _cTheses
040 _aCRL
_cCRL
_beng
041 _2eng
_aeng
100 _aSirajul Hasan
_9530755
110 _aUniversity of Delhi. Faculty of Arts. Department of Arabic
_9522989
245 0 _aContribution of Dairatul-Ma'Arif'Il-Osmainia to the arabic literature and islamic sciences.
260 _c1997
650 _aARABIC LITERATURE
700 _a Faruqi N.A. Supervisor
_9530756
700 _aUniversity of Delhi. Faculty of Arts. Department of Arabic
_9522990
942 _cDIS
_2CC
999 _c864493
_d864493